000 00174 a2200085 4500
041 _aspa
100 _aAnonimo
245 _arevista del patrimonio nacional aò¨ xx
942 _cBK
999 _c10026
_d10026